Catalog

Record Details

Catalog Search



The Joy of Listening to God : Hearing the Many Ways God Speaks to Us /  Joyce Huggett Cover Image Book Book

The Joy of Listening to God : Hearing the Many Ways God Speaks to Us /  Joyce Huggett

Huggett, Joyce (Author).

Record details

  • ISBN: 0-87784-729-0
  • Physical Description: 240 s.
  • Publisher: Downers Grove, Illinois : InterVarsity Press, 1986.
Subject: Spiritual life
Prayer
Contemplation
Pentecostalism
Bible-Reading
Huggett, Joyce, 1937

Available copies

  • 1 of 1 copy available at Common Catalog SPOK.

Holds

  • 0 current holds with 1 total copy.
Show All Copies
Location Call Number / Copy Notes Barcode Shelving Location Status Due Date
ETS Library 248.3 424470017837 Volný výběr Available -

LDR nam a22 i 4500
00146642
003CZ-PrJAB
00520200613091818.0
007ta
008 s xr e 000 0 cze
020 . ‡a0-87784-729-0
040 . ‡aABG450 ‡bcze ‡erda
072 7. ‡2Konspekt
08214. ‡a248.3
1001 . ‡aHuggett, Joyce
24510. ‡aThe Joy of Listening to God : ‡bHearing the Many Ways God Speaks to Us /  ‡nJoyce Huggett
264 1. ‡a Downers Grove, Illinois : ‡bInterVarsity Press, ‡c1986.
300 . ‡a240 s.
336 . ‡atext ‡btxt ‡2rdacontent
338 . ‡asvazek ‡bnc ‡2rdacarrier
650 7. ‡aSpiritual life
650 7. ‡aPrayer
650 7. ‡aContemplation
650 7. ‡aPentecostalism
650 7. ‡aBible-Reading
650 7. ‡aHuggett, Joyce, 1937
910 . ‡aABG450
901 . ‡a46642 ‡b ‡c46642 ‡tbiblio

Additional Resources